[Event "Olympiad-41"]
[Site "Tromsoe"]
[Date "2014.08.14"]
[Round "11.1"]
[White "Aronian, Levon"]
[Black "Navara, David"]
[Result "1-0"]
[WhiteElo "2805"]
[BlackElo "2716"]
[Annotator "Marin,M"]
[PlyCount "53"]
[EventDate "2014.08.02"]
[EventType "team-swiss"]
[EventRounds "11"]
[EventCountry "NOR"]
[SourceTitle "CBM 162"]
[Source "ChessBase"]
[SourceDate "2014.09.17"]
[SourceVersion "1"]
[SourceVersionDate "2014.09.17"]
[SourceQuality "1"]
[WhiteTeam "Armenia"]
[BlackTeam "Czech Republic"]
[WhiteTeamCountry "ARM"]
[BlackTeamCountry "CZE"]

1. d4 d5 2. c4 c6 3. cxd5 cxd5 4. Nc3 Nf6 5. Bf4 Nc6 6. e3 Bf5 7. Qb3 $5 ({
Deviating from the clasical move order} 7. Nf3 e6) 7... Na5 {By far the most
popular way of dealig with the early pressure against b7.} (7... Qb6) 8. Qa4+
Bd7 9. Qc2 {This is just the start of a curious mechanism of moving the pieces
forth and back all over the board. Optically, this is somewhat confusing, but
judged individually all the moves make sense.} e6 {White has managed to force
his opponent into retreating with his bishop behind the pawn wall, but this
has caused some delay with the kingside development. It should be mentioned
that the whole variation is highly transpositional.} ({For instance, another
possible move order transposing elsewhere below is} 9... Rc8 10. Bd3 e6 11. Nf3
Be7 {with two recent games which were annotated for CBM:} 12. h3 (12. O-O {
1/2-1/2 (69) Tuvshintugs,B (2340)-Girya,O (2450) Khanty-Mansiysk 2014 CBM 160 
[ChessBase Website]}) 12... O-O 13. O-O {1-0 (135) Svidler,P (2746)-Le Quang,L
(2702) Tromso 2013 CBM 156 [Sumets,A]}) 10. Nf3 ({Playing with black, Aronian
had faced} 10. Bd3 Rc8 11. Nf3 Bb4 {Deviating from the games above.} 12. O-O
Nc4 13. Bxc4 Rxc4 (13... dxc4 14. Bg5 O-O 15. Ne5 {would leave White with
space advantage in the centre.}) 14. Ne5 Rc8 15. Qb3 Qa5 (15... Bxc3 16. bxc3
Ne4 17. Qxb7 f6 18. Nxd7 Qxd7 $132) 16. Nxd7 Nxd7 17. a3 Bxc3 18. Qxb7 O-O 19.
bxc3 Nb6 20. Bc7 {and Black did not equalise in Kramnik,V (2780)-Aronian,L 
(2783) Shanghai 2010 (1-0, 45)}) 10... Be7 ({Both sides seem to be avoiding
the line from the comment to the 9th move. Black could have more or less
transposed to it with} 10... Rc8 {when there seems to be nothing better than}
11. Bd3) 11. Bd3 Nc6 {The knight returns to its usual location, controlling e5
and winning a tempo by threatening ...Nb4 on the way.} 12. a3 ({The
alternative way to parry the double attack ...Nb4 is} 12. Qe2 Nh5 13. Be5 f6
14. Bg3 f5 15. Bb5 O-O 16. Bxc6 Bxc6 17. Ne5 Be8 18. Rc1 Rc8 19. O-O Bd6 20.
Rc2 Qc7 21. Nd3 Nxg3 22. hxg3 {Black does not have any problems, Vachier
Lagrave,M (2766)-Motylev,A (2698) Biel 2014 (1/2-1/2, 40)}) 12... Nh5 {A new
minor piece dialogue starts on the opposite wing. The f4-bishop is too strong
to be tolerated.} 13. Be5 f6 {The only reasonable answer, although it weakens
the light squares.} ({If} 13... Nxe5 14. Nxe5 ({Actually, the standard
reaction is} 14. dxe5 {, leaving the h5-knight out of play, but for concrete
reasons the main move is even stronger.}) 14... Nf6 15. Nxd7 $1 {White gives
up his active knight for the passive bishop light-heartedly, since Black has
no satisfactory way of re-capturing.} Nxd7 {Other moves wouldexpose either the
queen or the king to Bb5.} 16. Bxh7 g6 ({Or if} 16... Qc7 {as played in
Ju-Sebag, Beijing 2013, the simplest would be} 17. g3 {defending the h2-pawn
before retreating with the bishop.}) 17. Bxg6 fxg6 18. Qxg6+ Kf8 19. Qxe6 {
With a whole bunch of pawns for the piece.}) 14. Bf4 $5 $146 {A new move,
deviating from a recent game played by Navara.} ({After} 14. Bg3 f5 15. Be5 O-O
16. h3 Nf6 17. g4 Ne4 {Black seems to have enough counterplay.} 18. gxf5 Rxf5
19. Bxe4 (19. Nxe4 Rxf3 $17 {Brunello,S (2580)-Eljanov,P (2702) Legnica 2013 
(0-1, 29)}) 19... dxe4 20. Qxe4 Qb6 $13 {Sokolov,I (2650)-Navara,D (2708)
Saint Quentin 2014 (1/2-1/2, 35). With his move, Aronian kindly invites his
opponent to take on f4, thus opening the e-file and turning e6 into a real
weakness. We can also understand why he kept his queen on c2 on move 12, to
put pressure along the b1-h7 diagonal.}) 14... Rc8 {Navara took his time (13
minutes) before answering.} ({His first impulse might have been the same as
mine when playing over the game: what would happen if Black plays the same way
as in the aforementioned game:} 14... f5 {The difference is that White could
fight for the e5-square with} 15. Bb5 {. With the bishop on g3, Black could
have reduced White's influence on dark squares with ...Nxg3, while an exchange
on f4 would only increase it.}) 15. h3 {The threat of retreating with the
bishop practically forces Black's next move.} Nxf4 16. exf4 Qb6 17. Rd1 {
The weakness of the e6-pawn is still latent, but Black needs to find the best
way of defending h7.} f5 {This looks the most solid, but it weakens the
e5-square chronically.} ({The main alternative was} 17... g6 {David might have
disliked} 18. h4 {when, quite probably, Black could not have been able to
refrain from ...f6-f5 in the long run anyway.}) 18. Bb5 {Immediately starting
the fight for the weakened square.} Bd6 19. g3 Na5 $6 {A risky decision. Black
gives up the right to castle for the sake of exchanging his bad bishop and
keeping the knight as an important defender of the e5-square.} ({Any neutral
move such as} 19... O-O {would have been safer, although White would have a
pleasant position.}) 20. Bxd7+ Kxd7 21. O-O Rhe8 22. Rd3 $5 {An interesting
multi-purpose move. White prepares doubling (or even tripling) his major
pieces, without revealing whether this would happen on the e-file or on the
c-file.} Nc4 {Preventing Re3, just in case this was White's true intention.
But now Aronian switches to plan B.} 23. Na4 Qc6 24. Rc3 b5 $2 {The losing
move, played after only three minutes. Navara obviously wanted to consolidate
his active knight, but the weakness of the c5-square will be a perfect (for
White!) complement to that of the e5-square.} ({True, the attempt to get
castled artificially with} 24... Ke7 25. Re1 Kf8 {would fail to} 26. Ng5 {
, attacking two pawns.}) ({But it would have made sense to restrict the
a4-knight with} 24... b6 {since} 25. b3 $6 {would run into} Nxa3 {White could
have prepared b2-b3 with 25.Ra1, but then 25...Qb7 might have made Black's
position survivable.}) 25. Nc5+ $1 {The bishop cannot keep both enemy knights
under control.} Bxc5 26. Rxc4 $1 {Just two moves earlier, the e5-square was
rather well defended, but not any more.} bxc4 27. Ne5+ 1-0

[Event "Metz op 31th"]
[Site "Metz"]
[Date "2013.04.20"]
[Round "1"]
[White "Svetushkin, Dmitry"]
[Black "Hilverda, Alexander"]
[Result "1-0"]
[WhiteElo "2588"]
[BlackElo "2329"]
[Annotator "Metz Alekhine/Primel,D"]
[PlyCount "75"]
[EventDate "2013.04.20"]
[EventType "swiss"]
[EventRounds "9"]
[EventCountry "FRA"]
[SourceTitle "EXT 2016"]
[Source "ChessBase"]
[SourceDate "2015.10.08"]
[SourceVersion "1"]
[SourceVersionDate "2015.10.08"]
[SourceQuality "1"]
[TimeControl "40/5400:1800+30"]
[WhiteClock "1:30:00"]
[BlackClock "1:30:00"]

1. d4 d5 2. c4 c6 3. Nc3 dxc4 4. e4 (4. e3 b5 5. a4 b4 6. Ne4) 4... b5 (4... e5
{L'altenative} 5. Nf3 exd4 6. Qxd4 Qxd4 7. Nxd4 b5 8. a4 b4 9. Nd1 Ba6 10. Be3
Nf6 11. f3 Nfd7 12. Rc1 Ne5 13. Nf2 {Hausrath,D (2425)-Miltner,A (2375)
Bundesliga 9697 1996 [4] 1-0} (13. f4 Nd3+ 14. Bxd3 cxd3 15. Nxc6 {Jones,G 
(2645)-Lalic,B Kilkenny Masters 2013 (4.3) 1/2} (15. Nf2 $142 {Lalic inf 119}))
) 5. a4 b4 6. Na2 Nf6 7. e5 Nd5 8. Bxc4 e6 9. Nf3 a5 10. Bd2 (10. O-O {La
grande ligne} Be7 11. Bd2 O-O 12. Nc1) (10. Ng5 Be7 11. Qh5 Bxg5 12. Bxg5 Qb6
13. Qh4 b3 14. Nc3 Nxc3 15. bxc3 Ba6 16. Bxa6 Qxa6 17. Ra3 c5 18. Rxb3 Qc4 19.
Rb7 O-O 20. Qg3 cxd4 21. cxd4 Nc6 22. Bh6 g6 23. Qb3 Qxd4 24. O-O Rfb8 25. Qb5
Qd5 26. Qxd5 exd5 27. Rd7 Rd8 28. Rxd8+ Rxd8 29. Bg5 Rb8 30. h3 Rb4 31. Rd1
Rxa4 32. Rxd5 Rc4 33. Bh6 Rh4 34. Bg5 Rc4 35. Bh6 Rh4 36. Bg7 Nb8 37. Rd7 {
1/2-1/2 (37) Aronian,L (2813)-Bluebaum,M (2511) Meissen 2013}) 10... Ba6 11.
Qe2 Bxc4 12. Qxc4 Nb6 13. Qc2 Qd5 14. Nc1 c5 $5 $146 {[%cal Gb8d7,Ga8c8,Gc8c2]
Les Noirs veulent jouer activement à l'aile-dame pour essayer de profiter de
l'exposition de la Qc2 mais au risque de laisser le K Noir au centre} (14...
N8d7 15. Nd3 c5 16. Nf4 Qb7 17. dxc5 Nxc5 18. O-O b3 19. Qb1 g6 20. Rc1 Be7 21.
Be3 Nbxa4 22. h4 Qb4 23. h5 Rd8 24. hxg6 hxg6 25. Nxg6 fxg6 26. Qxg6+ Kd7 27.
Qf7 Nd3 28. Nd4 Nac5 29. Rxc5 Nxc5 30. Rd1 Kc8 31. Rc1 Rd7 32. Qxe6 Kb7 33.
Qc6+ Kb8 34. e6 Rxd4 35. Bxd4 Qxd4 36. Qb6+ Kc8 37. Qc6+ Kd8 38. Qb6+ Ke8 39.
Qb8+ Qd8 40. Qe5 Rh6 {0-1 (40) Korobov,A (2670)-Grigoryan,A (2595) Moscow 2011}
) 15. Ne2 N8d7 16. O-O (16. Nf4 Qb7 17. Be3 Rc8 $132) 16... Rc8 $11 {[%cal
Gc8c2,Gc5d4]} (16... cxd4 17. Nf4 Qb7 18. Qd3 Bc5 19. Rfc1 Nd5 (19... O-O $2
20. Ng5) 20. Nxd4 Nxe5 21. Qe4 Nd7 22. Nxd5 Qxd5 23. Qxd5 exd5 24. Nb3 Bb6 25.
Rc6 $32 O-O 26. Rac1 Rfe8) 17. Nf4 Qb7 18. Rfc1 $32 {[%csl Re8]} cxd4 (18...
Be7 {Plus solide} 19. Qd3 O-O 20. Qb5 {Moins bon dans cet ordre de coups que
dans la partie} Qa8 (20... c4 21. Qxa5 g5 $13 (21... c3)) 21. dxc5 Rxc5 $132)
19. Qd3 Bc5 (19... Rxc1+ 20. Bxc1 (20. Rxc1 Nxa4) 20... Be7 (20... Bc5)) 20.
Qb5 $1 {[%csl Ra5]} O-O 21. Nd3 Qd5 22. Qxa5 {[%csl Ga4]} Nc4 23. Qb5 Nxd2 24.
Nxd2 Rb8 (24... Rc7 {[%cal Gf8c8,Gf8b8]}) 25. Qc4 Rfc8 26. Qxd5 exd5 {[%csl
Ga4,Rd4,Rd5] La partie devient difficile pour les Noirs avec une mauvaise
structure et face à un P passé} 27. a5 $36 Be7 28. Kf1 (28. Nb3) 28... Kf8
29. Rxc8+ Rxc8 30. Nb3 $18 f6 31. f4 fxe5 32. fxe5 Bg5 33. a6 Nb6 34. a7 Ke8
35. Ra6 Na8 36. Nxd4 Be3 37. Nf5 Bc5 38. Nxg7+ 1-0

[Event "Metz op 31th"]
[Site "Metz"]
[Date "2013.04.25"]
[Round "9"]
[White "Jankovic, Alojzije"]
[Black "Vishnu, Prasanna V"]
[Result "1-0"]
[WhiteElo "2537"]
[BlackElo "2470"]
[Annotator "Metz Alekhine/Primel,D"]
[PlyCount "73"]
[EventDate "2013.04.20"]
[EventType "swiss"]
[EventRounds "9"]
[EventCountry "FRA"]
[SourceTitle "EXT 2016"]
[Source "ChessBase"]
[SourceDate "2015.10.08"]
[SourceVersion "1"]
[SourceVersionDate "2015.10.08"]
[SourceQuality "1"]
[TimeControl "40/5400:1800+30"]
[WhiteClock "1:30:00"]
[BlackClock "1:30:00"]

1. d4 d5 2. c4 c6 3. Nc3 Nf6 4. cxd5 {La variante d'échange de la Slave a un
caractère très annulant mais elle donne des positions assez techniques
pouvant avantager le meilleur joueur.} cxd5 5. Bf4 Nc6 6. e3 Bf5 7. Qb3 $5 {
Une idée intéressante retardant le coup naturel Nf3 pour tenter de profiter
de la sortie Bf5} Na5 $8 (7... Qb6 $143 $6 8. Qxb6 axb6 9. Bb5 $16) 8. Qa4+ {84
} (8. Bb5+ Bd7 9. Qa4 e6 10. Nf3 a6 11. Bxd7+ Nxd7 $11 {Shishkin,V (2507)
-Sieciechowicz,M (2390) Poznan op-A 18th 2009 (4) 1/2-1/2}) 8... Bd7 {87} 9.
Qc2 Rc8 10. Bd3 {Retarde à nouveau la sortie Nf3 afin de garder l'option de
jouer Nge2} e6 11. Nf3 (11. Nge2 {Possible également mais après la poussée
e6, le clouage Bg4 n'est plus à craindre et Nf3 est donc plus naturel.}) 11...
Bb4 $1 (11... Be7 {Plus passif} 12. O-O O-O 13. Ne5 $14 {Fressinet,L (2718)
-Gelfand,B (2751) EU-Cup 26th Plovdiv 2010 (5.1) 1/2-1/2}) 12. O-O h6 (12...
Nc4 $5) 13. Ne5 {69} O-O {68} 14. h3 Qe8 $146 (14... a6 15. a3 Bxc3 {Nguyen
Thanh Son (2444)-Nguyen Huynh Minh,H (2500) VIE-chT Nha Trang 2009 (11) 1/2-1/2
}) (14... Qe7 15. Rfc1 Rfd8 16. Qd1 Bxc3 17. bxc3 Be8 18. c4 dxc4 19. Nxc4 Nxc4
20. Bxc4 Bc6 21. Be5 Nd7 22. Bg3 Nb6 23. Bf1 Nd5 24. Qb3 Qd7 25. Qa3 a6 26.
Rab1 Ba4 27. Rc5 Rxc5 28. dxc5 Bc6 29. Rd1 Qe8 30. Qa5 Rd7 31. Bd6 Ne7 32. Rd2
Qd8 33. Qb4 Nf5 34. Bd3 Qg5 35. Be4 Bxe4 36. Qxe4 Qd8 37. g4 Nxd6 38. cxd6 Rxd6
39. Rxd6 Qxd6 40. Qxb7 Qd1+ 41. Kg2 Qa4 42. Qb8+ Kh7 43. Qb1+ g6 44. Qb7 {
Soffer,R (2516)-Postny,E (2635) Acre 2013 1/2-1/2}) 15. a4 Nc6 {36 Joué
après une longue réflexion et l'indien a maintenant un sérieux retard à la
pendule.} 16. Qb3 Qe7 17. Rfc1 Rfd8 18. Ne2 Bd6 {[%emt 0:00:27]} 19. Qxb7 Rb8
20. Nxc6 {[%emt 0:00:35]} Rxb7 21. Nxe7+ Bxe7 22. Rc7 {[%emt 0:00:32]} Rb3 {
[%emt 0:00:16]} 23. Nc3 Rxb2 24. Rxa7 Rb3 25. Bc7 $36 (25. Rc1 Rc8 26. Bc7 Ba3
27. Rc2 $14) 25... Rc8 26. Ba6 $1 Rxc7 (26... Rxc3 $2 27. Bxc8 Bxc8 28. Ba5 {
[%csl Rc3,Re7]}) 27. Rxc7 Bd6 28. Ra7 $2 {[%emt 0:00:15]} (28. Nxd5 $142 {
Curieusement, les Blancs qui avaient encore 15 mns à la pendule, ratent ce
coup intermédiaire qui aurait probablement assuré un gain rapide.} exd5 29.
Rb7 $18) 28... Rxc3 29. a5 Rb3 30. Rb7 Rc3 31. Ra7 {Une petite répétition de
coups pour gagner du temps avec l'incrément} Rb3 32. Bb7 {[%cal Ga5a6]} Kf8
33. a6 $18 Ke7 34. Ra8 Rb2 35. Rh8 Ne8 36. Rxe8+ $1 Bxe8 37. a7 1-0

[Event "Skopje Karposh op"]
[Site "Skopje"]
[Date "2013.03.14"]
[Round "7"]
[White "Stefanova, Antoaneta"]
[Black "Ali Marandi, Cemil Can"]
[Result "1-0"]
[WhiteElo "2530"]
[BlackElo "2371"]
[Annotator "Mikhalchishin,A"]
[PlyCount "71"]
[EventDate "2013.03.09"]
[EventType "swiss"]
[EventRounds "9"]
[EventCountry "MKD"]
[SourceTitle "CBM 154"]
[Source "ChessBase"]
[SourceDate "2013.05.15"]
[SourceVersion "1"]
[SourceVersionDate "2013.05.15"]
[SourceQuality "1"]

1. d4 d5 2. c4 c6 3. cxd5 cxd5 4. Nc3 Nc6 5. Bf4 e5 $5 {An interesting sharp
line.} ({Black is afraid of the White's space adavntage and activity after} 
5... Nf6 6. e3 e6 7. Bd3 Bd6 8. Bxd6 Qxd6 9. f4) 6. dxe5 d4 7. Ne4 Qa5+ 8. Nd2
Nge7 (8... Nxe5 {is wrong:} 9. Bxe5 Qxe5 10. Ngf3 Qf6 11. Qa4+ Bd7 12. Qxd4 $16
) 9. Ngf3 Nd5 ({Other interesting options here are:} 9... Be6 10. a3 Ng6 11. b4
Qd5 12. e4 dxe3 13. Bxe3 Ngxe5 $13) (9... Ng6 10. g3 Be7 11. Bg2 O-O (11... f6
12. exf6 Nxf4 13. gxf4 Bxf6 14. O-O Qf5 15. Qb3 Qxf4 16. Nc4 Be7 17. Rad1 Rb8
18. e3 dxe3 19. fxe3 Qc7 20. Ng5 Rf8 21. Rxf8+ Bxf8 22. Qc2 Bg4 23. Qe4+ Ne5
24. Rd4 Be7 25. Nxe5 Qc1+ 26. Kf2 Qxb2+ 27. Kg3 h5 28. Qg6+ {1-0 Kiss,A (2340)
-Payen,A (2300)/Bagneux 1994/EXT 2001}) 12. O-O Rd8 13. Nc4 Qa6 14. b3 Be6 15.
Qd3 Rac8 16. a3 b5 17. Nd6 Bxd6 18. exd6 Nxf4 19. gxf4 f6 20. f5 Bf7 21. Rfc1
Qb6 22. e4 Ne5 23. Nxe5 Rxc1+ 24. Rxc1 fxe5 25. Bf1 a6 26. a4 Qxd6 27. axb5
axb5 28. Qxb5 Rb8 29. Rc6 Rxb5 30. Rxd6 Rb8 31. f4 exf4 32. b4 g6 33. f6 Bb3
34. b5 Kf7 35. e5 Re8 36. b6 Rxe5 37. b7 Re8 38. Rb6 {1-0 Naiditsch,A (2704)
-Burg,T (2502)/Germany 2012/EXT 2013}) (9... h6 10. h4 Bg4 11. g3 Bxf3 12. exf3
Nxe5 13. Qe2 N7c6 14. Bxe5 Qxe5 15. Qxe5+ Nxe5 16. Bb5+ Nc6 17. Rc1 Bb4 18. a3
Bxd2+ 19. Kxd2 O-O 20. Bxc6 bxc6 21. Rxc6 a5 22. Rb6 Rfb8 23. Rxb8+ Rxb8 24. b4
axb4 25. Rb1 b3 26. Rb2 {Ghaem Maghami,E (2606)-Yu,Y (2652)/Jakarta 2011; with
a clearly better endgame.}) 10. g3 ({Black obtained a very good game after} 10.
Bg3 Ne3 (10... Bb4 11. a3 Be7 12. b4 Qd8 13. Nb3 O-O 14. b5 Na5 15. Nfxd4 Qb6
16. e3 Rd8 17. Bd3 $16 {Solem,T (2185)-Sidselrud,S (2150)/Norway 2002/EXT 2003
(45)}) 11. fxe3 dxe3 12. Bf4 Bc5 (12... exd2+ 13. Bxd2 Qb6 14. Qb3 Bb4 15. e3
Be6 16. Bc4 Bxc4 17. Qxc4 Qxe3+ 18. Qe2 Bxd2+ 19. Nxd2 Qxe5 20. Nf3 Qxe2+ 21.
Kxe2 O-O-O {0-1 Mikhailov,S (2377)-Volkov,S (2590)/Taganrog RUS 2013/})) 10...
h6 (10... Bf5 {is not sufficient for equality:} 11. Bg2 Nxf4 12. gxf4 d3 13.
O-O Qa6 14. exd3 Bxd3 15. Re1 Be7 16. Bf1 Bxf1 17. Nxf1 Qc4 18. Qc1 Qd5 19. Qe3
O-O 20. Red1 Qe6 21. Ng3 f5 22. a3 Rfd8 23. b4 a6 24. Ne2 g6 25. Kg2 Rd5 26.
Qb3 {1-0 Ilinsky,Y-Nadezhdin,D (2210)/Novgorod 1997/CBM 060 (58)}) 11. h4 Qb6
$2 (11... Be7 $142 12. a3 (12. Bg2 O-O (12... Rg8 13. Kf1 Nxf4 14. gxf4 Bg4 15.
a3 O-O-O 16. Nc4 Qb5 17. Qd3 Kb8 18. b4 g6 19. Nfd2 Bf5 20. Be4 Bxe4 21. Nxe4
Qd5 22. Rh3 g5 23. hxg5 hxg5 24. b5 Qxb5 25. Rb1 Qd5 26. Ncd6 Bxd6 27. Nf6 Nxe5
28. fxe5 Qxe5 29. Qa6 b6 30. Rxb6+ axb6 31. Qxb6+ Kc8 32. Qc6+ {1-0 Persson,H 
(2215)-Iruzubieta Villaluenga,J (2340)/Eger 1994/EXT 1997}) 13. O-O Nxf4 14.
gxf4 Rd8) 12... O-O (12... Be6 13. b4 Qc7) 13. b4 Qb6 14. Nc4 Qc7 15. Rc1 Be6
16. Bg2 Rac8 {with very good play.}) 12. Nc4 ({An equally strong try was} 12.
Qb3 Ndb4 13. a3 Be6 14. Qa4 Nd5 15. Nc4 Qc5 16. Rc1 b5 17. Nd6+ Qxd6 18. exd6)
12... Qb4+ ({It was better to go back:} 12... Qd8) 13. Nfd2 Nxf4 14. gxf4 Be7
15. a3 Qb5 16. e4 (16. Qb3 {was possible:} Qxb3 17. Nxb3 Be6 18. Rc1) 16... O-O
17. Bd3 $6 ({The black queen would feel very unlucky after} 17. b4) 17... Na5
$6 (17... Be6 $142 18. b4) 18. b4 ({Not necessary:} 18. f5 {was simpler}) 18...
Nxc4 19. Bxc4 Qe8 20. f5 $16 Bd8 21. Nf3 Bc7 22. Qxd4 Kh7 23. Rd1 Bb6 24. Qd6
Bxf5 $5 {A risky bluff, but what can Black do?} 25. Ng5+ hxg5 (25... Kh8 26.
exf5 Rd8 27. Qxf8+ Qxf8 28. Nxf7+ Kh7 29. Nxd8 Bxd8 30. Rd7 $18) 26. exf5 $2 ({
The correct winning procedure was} 26. hxg5+ Kg8 27. exf5 Rd8 28. Qxf8+ Qxf8 (
28... Kxf8 29. Rh8+ Ke7 30. f6+ gxf6 31. gxf6#) 29. g6 Rxd1+ 30. Kxd1 Qd8+ 31.
Ke2 $18) 26... g4 (26... Rd8 27. Qg6+ Kg8 28. Rxd8 Bxf2+ 29. Kxf2 Qxd8 30. Qd6
Qc8 31. Qd3 Rd8 32. Qe4 $18) 27. Qd5 f6 ({An alternative was} 27... Rd8 28. Qe4
Rxd1+ 29. Kxd1 Qa4+ 30. Ke2 Qxa3 31. Rd1 Kh8) 28. e6 Rd8 29. Qe4 Qa4 $4 ({
The only chance for survival was} 29... Rxd1+ 30. Kxd1 Qa4+ 31. Ke2 Rd8 32. e7
Re8 33. Be6 (33. Kf1) (33. Rd1 Rxe7 34. Qxe7) 33... Rxe7 34. Rd1 Qb5+ 35. Kd2
Bxf2 36. Qxg4 Qe8 37. Kc1 Bb6 $14) 30. Qxg4 (30. Rxd8 {was a slightly simpler
way to finish things off:} Rxd8 31. Qxg4 Bxf2+ 32. Kxf2 Qc2+ 33. Be2) 30...
Rxd1+ 31. Qxd1 Qe8 (31... Qxd1+ 32. Kxd1 Rd8+ 33. Kc2) 32. Rg1 Qe7 33. Qh5+ Kg8
34. Qh6 (34. Qg6 Rc8) 34... Rc8 35. Rxg7+ Qxg7 36. e7+ 1-0